<?xml version="1.0" encoding="UTF-8"?>
<marc:record xmlns:marc="http://www.loc.gov/MARC21/slim">
   <marc:leader>00000nam a2200000 a 4500</marc:leader>
   <marc:datafield ind1=" " ind2=" " tag="653">
      <marc:subfield code="a">Drachen</marc:subfield>
   </marc:datafield>
   <marc:datafield ind1=" " ind2=" " tag="653">
      <marc:subfield code="a">6 Jahre</marc:subfield>
   </marc:datafield>
   <marc:datafield ind1=" " ind2=" " tag="653">
      <marc:subfield code="a">Ohnezahn</marc:subfield>
   </marc:datafield>
   <marc:datafield ind1=" " ind2=" " tag="653">
      <marc:subfield code="a">Insel Berk</marc:subfield>
   </marc:datafield>
   <marc:datafield ind1=" " ind2=" " tag="653">
      <marc:subfield code="a">Hicks</marc:subfield>
   </marc:datafield>
   <marc:datafield ind1="0" ind2="0" tag="245">
      <marc:subfield code="a">Drachen zähmen leicht gemacht 1</marc:subfield>
   </marc:datafield>
   <marc:datafield ind1="0" ind2="0" tag="245">
      <marc:subfield code="b">Drachen zähmen leicht gemacht</marc:subfield>
   </marc:datafield>
   <marc:datafield ind1="1" ind2=" " tag="520">
      <marc:subfield code="a">Titelliste&lt;br/&gt;01 - Kapitel 01: Drachenzähmen leicht gemacht 1&lt;br/&gt;02 - Kapitel 02: Drachenzähmen leicht gemacht 1&lt;br/&gt;03 - Kapitel 03: Drachenzähmen leicht gemacht 1&lt;br/&gt;04 - Kapitel 04: Drachenzähmen leicht gemacht 1&lt;br/&gt;05 - Kapitel 05: Drachenzähmen leicht gemacht 1&lt;br/&gt;06 - Kapitel 06: Drachenzähmen leicht gemacht 1&lt;br/&gt;07 - Kapitel 07: Drachenzähmen leicht gemacht 1&lt;br/&gt;08 - Kapitel 08: Drachenzähmen leicht gemacht 1&lt;br/&gt;09 - Kapitel 09: Drachenzähmen leicht gemacht 1&lt;br/&gt;10 - Kapitel 10: Drachenzähmen leicht gemacht 1&lt;br/&gt;11 - Kapitel 11: Drachenzähmen leicht gemacht 1&lt;br/&gt;12 - Kapitel 12: Drachenzähmen leicht gemacht 1&lt;br/&gt;13 - Kapitel 13: Drachenzähmen leicht gemacht 1&lt;br/&gt;14 - Kapitel 14: Drachenzähmen leicht gemacht 1&lt;br/&gt;15 - Kapitel 15: Drachenzähmen leicht gemacht 1&lt;br/&gt;16 - Kapitel 16: Drachenzähmen leicht gemacht 1&lt;br/&gt;17 - Kapitel 17: Drachenzähmen leicht gemacht 1&lt;br/&gt;18 - Kapitel 18: Drachenzähmen leicht gemacht 1&lt;br/&gt;19 - Kapitel 19: Drachenzähmen leicht gemacht 1&lt;br/&gt;20 - Kapitel 20: Drachenzähmen leicht gemacht 1&lt;br/&gt;21 - Kapitel 21: Drachenzähmen leicht gemacht 1&lt;br/&gt;22 - Kapitel 22: Drachenzähmen leicht gemacht 1&lt;br/&gt;23 - Kapitel 23: Drachenzähmen leicht gemacht 1&lt;br/&gt;24 - Kapitel 24: Drachenzähmen leicht gemacht 1&lt;br/&gt;25 - Kapitel 25: Drachenzähmen leicht gemacht 1&lt;br/&gt;26 - Kapitel 26: Drachenzähmen leicht gemacht 1&lt;br/&gt;27 - Kapitel 27: Drachenzähmen leicht gemacht 1&lt;br/&gt;28 - Kapitel 28: Drachenzähmen leicht gemacht 1&lt;br/&gt;29 - Kapitel 29: Drachenzähmen leicht gemacht 1&lt;br/&gt;30 - Kapitel 30: Drachenzähmen leicht gemacht 1</marc:subfield>
   </marc:datafield>
   <marc:datafield ind1=" " ind2=" " tag="300">
      <marc:subfield code="e">Tonie - Geschichten</marc:subfield>
   </marc:datafield>
</marc:record>
